| 000 | 01850nam0a2200409 4500 | ||
|---|---|---|---|
| 001 | RU\NLR\BIBL_A\022688621 | ||
| 005 | 20260608062640.0 | ||
| 010 |
_a978-5-00126-350-0 _96000 |
||
| 021 |
_aRU _bКН-П-25-066392 _9КН-П-25-6424 |
||
| 035 | _a(NLR Aleph) 022688621 | ||
| 090 |
_a13687033 _c13687033 |
||
| 100 | _a20251216d2025 u y0rusy50 ca | ||
| 101 | 1 |
_arus _cund |
|
| 102 | _aRU | ||
| 105 | _aa w 000yb | ||
| 181 | 0 |
_ai _baxxe |
|
| 182 | 0 | _an | |
| 200 | 1 |
_aИисус – величайшее имя _e365 наиболее ярких и значимых имён Иисуса _e[ежедневные чтения] _eантология _e[перевод] _fЭллен Уайт |
|
| 203 |
_aТекст _bвизуальный _cнепосредственный |
||
| 210 |
_aЗаокский _cИсточник жизни _d2025 |
||
| 215 |
_a382 с. _cил. _d22 |
||
| 300 | _aВ кн. цитаты из Библии приводятся по Синоид. пер. и соврем. рус. пер., выполнен. Ин-том перевода Библии в Заокском | ||
| 333 | _a12+ | ||
| 500 | 1 | 0 |
_7ca _aБиблия _92631014 _3RU\NLR\AUTH\553047 |
| 500 | 1 | 0 |
_aБиблия _lПереработки _92631318 _3RU\NLR\AUTH\559299 |
| 600 | 0 |
_aИисус Христос _91151654 _3RU\NLR\AUTH\66459662 |
|
| 601 | 0 | 2 |
_aАдвентисты седьмого дня _xВероучение _92411985 _3RU\NLR\AUTH\6601656125 |
| 686 | 2 | _aЭ37-421.112 | |
| 686 | 2 | _aЭ376.222-4 | |
| 700 | 1 |
_8rus _7ca _aУайт _bЭ. Г. _f1827-1915 _gЭллен Голд _3RU\NLR\AUTH\779491 _9119319 |
|
| 702 | 0 |
_4280 _7ca _8rus _aИисус Христос _9119452 _3RU\NLR\AUTH\779638 |
|
| 942 | _cBOOK | ||
| 980 | _aNB | ||